Módulo educativo sobre la desertización / (Record no. 108532)

MARC details
000 -CABECERA
campo de control de longitud fija 00936nam a2200265 a 4500
005 - FECHA Y HORA DE LA ÚLTIMA TRANSACCIÓN
campo de control 20240919064548.0
008 - ELEMENTOS DE LONGITUD FIJA--INFORMACIÓN GENERAL
campo de control de longitud fija 041115s1996 es r 000 0 spa d
020 ## - NÚMERO INTERNACIONAL NORMALIZADO PARA LIBROS
Número Internacional Estándar del Libro 8481981672 (Los Libros de la Catarata)
020 ## - NÚMERO INTERNACIONAL NORMALIZADO PARA LIBROS
Número Internacional Estándar del Libro 9233033279 (UNESCO)
035 ## - NÚMERO DE CONTROL DEL SISTEMA
Número de control de sistema UPN01000136381
049 ## - COLECCIÓN
Colección UNE
050 #4 - SIGNATURA TOPOGRÁFICA DE LA BIBLIOTECA DEL CONGRESO
Número de clasificación S213
Número de documento/Ítem S6.5
100 1# - ASIENTO PRINCIPAL--NOMBRE PERSONAL
Nombre de persona Souchon, Christian
9 (RLIN) 30036
245 10 - MENCIÓN DE TÍTULO
Título Módulo educativo sobre la desertización /
Mención de responsabilidad, etc. Christian Souchon y Jean Paul Deleage.
260 ## - PUBLICACIÓN, DISTRIBUCIÓN, ETC.
Lugar de publicación, distribución, etc. España :
Nombre del editor, distribuidor, etc. UNESCO :
-- Los Libros de la Catarata,
Fecha de publicación, distribución, etc. c1996.
300 ## - DESCRIPCIÓN FÍSICA
Extensión 124 p. :
Otras características físicas il.
440 #0 - MENCIÓN DE SERIE/ASIENTO SECUNDARIO--TÍTULO
Título Educación ambiental ;
Designación de volumen o secuencia 16
500 ## - NOTA GENERAL
Nota general "Programa internacional de educación ambiental UNESCO-PNUMA"
534 ## - NOTA SOBRE LA VERSIÓN ORIGINAL
Frase introductoria Título original:
Mención de título del original Module éducatif sur la désertification
650 #4 - ASIENTO SECUNDARIO DE MATERIA - TERMINO TEMATICO
Término de materia o nombre geográfico como elemento de entrada DESERTIZACION
9 (RLIN) 23180
650 #4 - ASIENTO SECUNDARIO DE MATERIA - TERMINO TEMATICO
Término de materia o nombre geográfico como elemento de entrada Educación ambiental
9 (RLIN) 4338
650 #4 - ASIENTO SECUNDARIO DE MATERIA - TERMINO TEMATICO
Término de materia o nombre geográfico como elemento de entrada SEQUIAS -
Subdivisión geográfica AFRICA
9 (RLIN) 23181
700 1# - ASIENTO SECUNDARIO--NOMBRE DE PERSONAL
Nombre de persona Deleage, Jean Paul,
Término indicativo de función/relación coaut.
905 ## - TIPO DE MATERIAL
Tipo de material Libro
Holdings
Estado de retiro Estado de pérdida Fuente del sistema de clasificación o colocación Estado dañado No para préstamo Código de colección Localización permanente Ubicación/localización actual Ubicación en estantería Fecha de adquisición Clasificación Código de barras Fecha visto por última vez Número de copia Tipo de ítem Koha
    Library of Congress Classification   Disponible (Préstamo en sala) UNESCO Bib. Gregorio Torres Quintero Bib. Gregorio Torres Quintero Colecciones especiales Planta alta 03/02/2023 S213 S6.5 222149 31/12/2020 1 Libro